000 00675nam a2200277Ia 4500
005 20260324123519.0
008 008 260324s9999 xx 000 0 eng d
020 _a9780203130742
037 _aEBOOK
040 _aCRL
040 _beng
040 _cCRL
041 _2eng
041 _aeng
084 _qCRL
100 _aKostas Gouliamos; Christos Kassimeris
_91170601
245 4 _aThe Marketing of War in the Age of Neo-Militarism
260 _bTaylor and Francis
260 _c2012
365 _a
365 _b240
856 _uhttp://www.taylorfrancis.com/books/9780203130742
942 _cEBOOK
999 _c1764184
_d1764184